|
|
|
|
| LEADER |
01224nam a2200301 a 4500 |
| 001 |
13189303 |
| 003 |
BD-DhAAL |
| 008 |
090720s2004 maua b 001 0deng d |
| 010 |
|
|
|a 2003052708
|
| 020 |
|
|
|a 0072817186
|
| 020 |
|
|
|a 0072817186 (hc. : alk. paper)
|
| 040 |
|
|
|a DLC
|c DLC
|d DLC
|
| 082 |
0 |
0 |
|a 301/.01
|2 21
|
| 100 |
1 |
|
|a Ritzer, George.
|9 8288
|
| 245 |
1 |
0 |
|a Sociological theory /
|c George Ritzer, Douglas J. Goodman.
|
| 250 |
|
|
|a sixth edition.
|
| 260 |
|
|
|a Boston :
|b McGraw-Hill,
|c c2004.
|
| 300 |
|
|
|a xxiv, 616, A-22, R-94, P-4, I-24 p. :
|b illusreations ;
|c 24 cm.
|
| 504 |
|
|
|a Includes bibliographical references (p. R1-R94) and index.
|
| 526 |
|
|
|x Salim khan
Sr. program Associate
James P. Grant School.
Course name and no. N/A
|
| 541 |
1 |
|
|a Book view
|e 00018404
|
| 650 |
|
0 |
|a Sociology.
|
| 650 |
|
0 |
|a Sociologists
|v Biography.
|9 57702
|
| 700 |
1 |
|
|a Goodman, Douglas J.
|9 57703
|
| 852 |
4 |
|
|a School of Public Health.
|
| 942 |
|
|
|2 ddc
|c BK
|
| 999 |
|
|
|c 2541
|d 2541
|
| 952 |
|
|
|0 0
|1 0
|2 ddc
|4 0
|6 301_010000000000000_RIT
|7 0
|9 2314
|a JPGSPH
|b JPGSPH
|d 2009-04-28
|e Book View
|g 2100.00
|l 0
|o 301.01 RIT
|p 3060018404
|r 2009-07-21
|t 1
|y BK
|x Requisitioned by Salim khan, Sr. program Associate, James P. Grant School. Course name and no. N/A
|